| 000 | 00639nam a22001817a 4500 | ||
|---|---|---|---|
| 020 | _qHard Cover. | ||
| 082 | _a005 | ||
| 100 | _aMalik, Ammad ; Waheed, Awas ; Muhammd Suchal Raiz ; Khalid Usma. | ||
| 245 |
_aHELPING BLOCKS / _cAmmad Malik ; Awas Waheed ; Muhammd Suchal Raiz ; Usma Khalid. |
||
| 260 |
_aIslamabad : _bSEECS - NUST, _c2019. |
||
| 300 |
_a32 p. : ill. ; _c30cm. |
||
| 563 | _aHB | ||
| 650 |
_aCompuer Science-Project Report. _930815 |
||
| 700 |
_aSyed Taha Ali. _930816 |
||
| 856 | _uhttp://10.250.8.41:8080/xmlui/handle/123456789/20105 | ||
| 942 |
_2ddc _cTHE |
||
| 999 |
_c535892 _d535892 |
||